| 000 | 01277cad a22002415a 4500 | ||
|---|---|---|---|
| 001 | L146857 | ||
| 008 | 090304s2009 xxk d f 000 0 eng d | ||
| 035 | _a(Sirsi) u146857 | ||
| 041 | 0 | _aeng | |
| 050 | 0 | 4 | _a333.33 $2 18 |
| 110 | 2 |
_aCushman and Wakefield _9244 |
|
| 245 | 0 | 4 |
_aThe eye of the storm _h[electronic resource] |
| 260 |
_aSan Francisco _bCushman & Wakefield _c2009 |
||
| 490 | 0 | _aCushman and Wakefield US Economic Pulse | |
| 520 | _aReports that 2008 ended on a bleak note for the US economy as every major measure of economic performance contracted sharply in December 2008. Reviews each of these measures in turn and then gives reasons for optimism. Concludes that 2009 will be a challenging year for the real estate sector which is expected to start recovering in 2010, varying market by market. | ||
| 521 | _aAdvanced | ||
| 590 | _aKA | ||
| 650 | 2 | 4 | _aCUSHMAN AND WAKEFIELD UNITED STATES ECONOMIC PULSE |
| 651 | 4 |
_aUnited States _y1959- |
|
| 690 | _aPROPERTY-COMMERCIAL PROPERTY-COMMERCIAL PROPERTY MARKET | ||
| 856 | 4 | 0 |
_uhttps://www.cushwake.com/cwglobal/jsp/kcReportDetail.jsp?Country=GLOBAL&Language=EN&catId=100006&pId=c20700014p _zView the report free of charge under Knowledge Center (requires registration) at www.cushwake.com... |
| 942 | _n0 | ||
| 999 |
_c109316 _d109316 |
||